| 000 | 01224naa a22002897a 4500 | ||
|---|---|---|---|
| 001 | BR8007385 | ||
| 003 | BR-BrBNA | ||
| 005 | 20240918174713.0 | ||
| 007 | ta | ||
| 008 | 230509b bl.||||| |||| 00| 0 por d | ||
| 040 |
_aBR-BrBNA _bpor _cBiblioteca Nacional de Agricultura |
||
| 041 | _a(Pt) | ||
| 072 |
_aQ10 _b1120 _b9130 |
||
| 090 | _aQ10 BR8007385 | ||
| 100 | 1 | _aMartin, Z.J. de | |
| 111 | 1 |
_a1. Simposio Brasileiro sobre a Cultura da Mangueira _cJaboticabal, SP (Brazil) _d24-28 Nov 1980 |
|
| 245 | 1 | _aA industrializacao da manga | |
| 260 | 3 |
_aJaboticabal, SP (Brasil): _c1980. |
|
| 500 | _aDonadio, L.C. (ed.) Anais do 1. Simposio Brasileiro sobre a Cultura da Mangueira Jaboticabal, SP (Brasil): 1980. p. 165-179 (BR8007385-AM)Q10 | ||
| 650 | _aMANGA | ||
| 650 | _aINDUSTRIA ALIMENTICIA | ||
| 650 | _aCONSERVA | ||
| 650 | _aNECTAR | ||
| 773 | 0 |
_tAnais do 1. Simposio Brasileiro sobre a Cultura da Mangueira _aDonadio, L.C. (ed.). Faculdade de Ciencias Agrarias e Veterinarias "Campus" de Jaboticabal, SP (Brasil);Sociedade Brasileira de Fruticultura, Cruz das Almas, BA (Brasil) _wQ10 BR8007385 _gJaboticabal, SP (Brasil), 1980. p. 165-179 |
|
| 909 |
_a202404 _bLucia _c55 _dLucia Elande |
||
| 942 |
_cAM _2AGRIS |
||
| 999 |
_c312993 _d312993 |
||